000
00256nam a2200097Ia 4500
008
190216s9999||||xx |||||||||||||| ||und||
100
_a
Null
245
0
_a
Hindi-Vidaniyomke Liye Yoga Aur Yangik Dinarv
260
_b
"Dorling Kindersley , London"
942
_c
BK
999
_c
18504
_d
18504